Cutting-edge : (Record no. 353120)
[ view plain ]
| 000 -LEADER | |
|---|---|
| fixed length control field | 02188 a2200265 4500 |
| 003 - CONTROL NUMBER IDENTIFIER | |
| control field | OSt |
| 005 - DATE AND TIME OF LATEST TRANSACTION | |
| control field | 20180116192356.0 |
| 008 - FIXED-LENGTH DATA ELEMENTS--GENERAL INFORMATION | |
| fixed length control field | 120612t xxu||||| |||| 00| 0 eng d |
| 020 ## - INTERNATIONAL STANDARD BOOK NUMBER | |
| International Standard Book Number | 9781592534289 (paperback) |
| 020 ## - INTERNATIONAL STANDARD BOOK NUMBER | |
| International Standard Book Number | 9781592534289 (paperback) |
| 040 ## - CATALOGING SOURCE | |
| Transcribing agency | 0 |
| 082 04 - DEWEY DECIMAL CLASSIFICATION NUMBER | |
| Classification number | 741.6 |
| 100 1# - MAIN ENTRY--PERSONAL NAME | |
| Personal name | Vilaseca, Estel. |
| 9 (RLIN) | 4467 |
| 245 10 - TITLE STATEMENT | |
| Title | Cutting-edge : |
| Remainder of title | patterns and textures. |
| Statement of responsibility, etc. | Estel Vilaseca. |
| 260 ## - PUBLICATION, DISTRIBUTION, ETC. | |
| Place of publication, distribution, etc. | Beverly, Mass : |
| Name of publisher, distributor, etc. | Rockport Publishers, |
| Date of publication, distribution, etc. | 2008. |
| 300 ## - PHYSICAL DESCRIPTION | |
| Extent | 336 p. : |
| Dimensions | chiefly col. ill. ; |
| Other physical details | 19 cm. |
| 490 1# - SERIES STATEMENT | |
| Series statement | Book & cd rom. |
| 500 ## - GENERAL NOTE | |
| General note | Includes index. |
| 520 ## - SUMMARY, ETC. | |
| Summary, etc. | 113 unique and original patterns After a goldmine of cultural and subconscious information, the history of patterns parallels and informs the history of humanity. After decades of modern minimalism and clear lines, people are enjoying a return to more playful design, rich in colors and textures. Pattern-making and pattern design, in particular, has made a major comeback as a way to embellish a surface with their use often displaying unexpected depths. Indeed, we have witnessed a revival in enriched, traditional motifs, and seen them applied in thought-provoking ways, in an unlimited variety of designs and textures. The use of new computer technologies has brought about surprising, often intricate results, on an aesthetic as well as conceptual level. In the most recent years, counter reactions to that which is digital, are visible in the work of crafty designers who embrace illustration and a hand-made, do-it-yourself aesthetic, while taking full advantage of the versatility and speed computer programs can afford them. Cutting-Edge Patterns and Textures is a stimulating book featuring full-page, color images of inspired patterns and boasts an eclectic array of styles from all around the world. This book is destined to become a desktop reference for professional and amateur designers alike. |
| 650 10 - SUBJECT ADDED ENTRY--TOPICAL TERM | |
| Topical term or geographic name entry element | Commercial art. |
| 9 (RLIN) | 4468 |
| 830 #0 - SERIES ADDED ENTRY--UNIFORM TITLE | |
| Uniform title | Book & cd rom. |
| 9 (RLIN) | 4469 |
| 856 40 - ELECTRONIC LOCATION AND ACCESS | |
| Materials specified | Amazon.com |
| Uniform Resource Identifier | <a href="http://www.amazon.com/exec/obidos/ASIN/1592534287/chopaconline-20">http://www.amazon.com/exec/obidos/ASIN/1592534287/chopaconline-20</a> |
| 942 ## - ADDED ENTRY ELEMENTS (KOHA) | |
| Institution code [OBSOLETE] | SADA |
| Koha item type | Book |
| Call number prefix | 741.6 VIL 2008 |
| Source of classification or shelving scheme | |
| Withdrawn status | Lost status | Source of classification or shelving scheme | Damaged status | Not for loan | Permanent Location | Current Location | Date acquired | Total Checkouts | Full call number | Barcode | Date last seen | Copy number | Cost, replacement price | Price effective from | Koha item type |
|---|---|---|---|---|---|---|---|---|---|---|---|---|---|---|---|
| School of Art Design and Architecture (SADA) | School of Art Design and Architecture (SADA) | 06/07/2011 | 741.6 VIL 2008 | SADA0001287 | 08/05/2011 | 01 | 2418.00 | 08/05/2011 | Book | ||||||
| School of Art Design and Architecture (SADA) | School of Art Design and Architecture (SADA) | 06/07/2011 | 741.6 VIL 2008 | SADA0001288 | 08/05/2011 | 02 | 2418.00 | 08/05/2011 | Book | ||||||
| School of Art Design and Architecture (SADA) | School of Art Design and Architecture (SADA) | 09/14/2011 | CD 741.6 VIL 2008 | SADA0001572 | 01/05/2017 | 01 | 01/05/2017 | ||||||||
| School of Art Design and Architecture (SADA) | School of Art Design and Architecture (SADA) | 09/14/2011 | CD 741.6 VIL 2008 | SADA0001573 | 01/05/2017 | 02 | 01/05/2017 |
